Handling home information packs (Record no. 106843)

MARC details
000 -LEADER
fixed length control field 01365cam a22002895a 4500
001 - CONTROL NUMBER
control field L137601
008 - FIXED-LENGTH DATA ELEMENTS--GENERAL INFORMATION
fixed length control field 070418s2007 xxk f 000 0 eng d
020 ## - INTERNATIONAL STANDARD BOOK NUMBER
International Standard Book Number 9781842193266
035 ## - SYSTEM CONTROL NUMBER
System control number (Sirsi) u137601
041 0# - LANGUAGE CODE
Language code of text/sound track or separate title eng
050 04 - LIBRARY OF CONGRESS CALL NUMBER
Classification number 333.333 $2 18
110 2# - MAIN ENTRY--CORPORATE NAME
Corporate name or jurisdiction name as entry element Royal Institution of Chartered Surveyors
9 (RLIN) 4900
245 00 - TITLE STATEMENT
Title Handling home information packs
Remainder of title guidance note
260 ## - PUBLICATION, DISTRIBUTION, ETC.
Place of publication, distribution, etc. Coventry
Name of publisher, distributor, etc. RICS
Date of publication, distribution, etc. 2007
490 #0 - SERIES STATEMENT
Series statement RICS Guidance Note
520 ## - SUMMARY, ETC.
Summary, etc. This guidance note provides advice to members of RICS and others on the practice of handling Home Information Packs (HIPs) in England and Wales. Recommended procedures within the guidance are intended to reflect best practice. Covers: preparing for HIPs; liaising with sellers; liaising with buyers; and general considerations for handling HIPs. Appendices include an example information sheet on the home condition report and the HIP code.
590 ## - LOCAL NOTE (RLIN)
Local note KA
650 24 - SUBJECT ADDED ENTRY--TOPICAL TERM
Topical term or geographic name entry element HOME INFORMATION PACK REGULATIONS 2007
650 24 - SUBJECT ADDED ENTRY--TOPICAL TERM
Topical term or geographic name entry element HOUSING ACT 2004 PART V
651 #4 - SUBJECT ADDED ENTRY--GEOGRAPHIC NAME
Geographic name England and Wales
Chronological subdivision 1543-
690 ## - LOCAL SUBJECT ADDED ENTRY--TOPICAL TERM (OCLC, RLIN)
Topical term or geographic name as entry element PROPERTY-RESIDENTIAL PROPERTY-ACQUISITION AND DISPOSAL OF RESIDENTIAL PROPERTY-HOME BUYING REFORM
710 2# - ADDED ENTRY--CORPORATE NAME
Corporate name or jurisdiction name as entry element National Association of Estate Agents
9 (RLIN) 886
710 2# - ADDED ENTRY--CORPORATE NAME
Corporate name or jurisdiction name as entry element Association of Home Information Pack Providers
9 (RLIN) 5167
710 2# - ADDED ENTRY--CORPORATE NAME
Corporate name or jurisdiction name as entry element Asset Skills
9 (RLIN) 5165
942 ## - ADDED ENTRY ELEMENTS (KOHA)
Suppress in OPAC 0
Holdings
Withdrawn status Lost status Source of classification or shelving scheme Damaged status Not for loan Home library Current library Shelving location Date acquired Total Checkouts Full call number Barcode Date last seen Copy number Price effective from Koha item type
    Dewey Decimal Classification     London London RICS Boxes 20/05/2009   RICS 2007/23 30073978 06/08/2019 1 06/08/2019 Archive
    Dewey Decimal Classification     London London RICS Boxes 29/06/2007   RICS 2007/23 30073980 06/08/2019 2 06/08/2019 Book
    Dewey Decimal Classification     London London RICS Boxes 29/06/2007   RICS 2007/23 30073979 06/08/2019 4 06/08/2019 Reference material
    Dewey Decimal Classification     Virtual Virtual Online 18/04/2007   ONLINE PUBLICATION 137601-2001 06/08/2019 1 06/08/2019 Book